000 00773nam a2200193Ii 4500
003 JO-AjNU
008 230605s9999||||xx |||||||||||||| ||und||
040 _aJO-AjNU
_bara
_erda
_cJO-AjNU
041 _aara
050 1 4 _aDT515.75.M4788 1981
100 3 _aتاليف متولي، محمود,
_eauthor
_914716
245 0 0 _aإفريقيا والسيطرة الغربية: دراسة تحليلية للاستعمار البريطاني في نيجريا حتى نهاية سنة 1945
264 3 1 _aالقاهرة: مكتبة المعارف الحديثة، 1981
300 _a253ص
336 _atext
_btxt
_2rdacontent
337 _aunmediated
_bn
_2rdamedia
338 _avolume
_bnc
_2rdacarrier
650 4 _aافريقيا-استعمار بريطاني-تاريخ
_914717
999 _aA3990
_c7558
_d7558